00671cam a22002173a 450000100060000000300060000600500170001200800410002904000150007004200070008505000070009210000180009924501090011726000290022650600300025551600200028565300320030565300450033783000290038285600420041121841PGUSA20140828083450.0070615s2007||||xxu|||||s|||||000 1 eng d aPGUSAbeng adc 4aPZ1 aCarson, James14aThe Saddle Boys in the Grand Canyon ;bor, The Hermit of the Caveh[electronic resource] /cJames Carson bProject Gutenberg,c2007 aPublic domain in the USA. aElectronic text aArizona -- Juvenile fiction aGrand Canyon (Ariz.) -- Juvenile fiction 0aProject Gutenbergv2184140uhttp://www.gutenberg.org/ebooks/21841